Verbal violence in contemporary drama : (Record no. 3360)

MARC details
000 -LEADER
fixed length control field 01569cam a22003015i 4500
003 - CONTROL NUMBER IDENTIFIER
control field EG-ScBUE
005 - DATE AND TIME OF LATEST TRANSACTION
control field 20200108090604.0
008 - FIXED-LENGTH DATA ELEMENTS--GENERAL INFORMATION
fixed length control field 190729s1992 enk f b 001 0 eng d
020 ## - INTERNATIONAL STANDARD BOOK NUMBER
International Standard Book Number 9780521032711
020 ## - INTERNATIONAL STANDARD BOOK NUMBER
International Standard Book Number 0521032717
040 ## - CATALOGING SOURCE
Original cataloging agency EG-ScBUE
Language of cataloging eng
Description conventions rda
Transcribing agency EG-ScBUE
Modifying agency EG-ScBUE
082 04 - DEWEY DECIMAL CLASSIFICATION NUMBER
Classification number 809.2045
Item number MAL
Edition number 22
100 1# - MAIN ENTRY--PERSONAL NAME
Personal name Malkin, Jeanette R.,
Relator term author.
245 10 - TITLE STATEMENT
Title Verbal violence in contemporary drama :
Remainder of title from Handke to Shepard /
Statement of responsibility, etc Jeanette R. Malkin, Department of Theatre History, Hebrew University, Jerusalem.
264 #1 - PUBLICATION, DISTRIBUTION, ETC. (IMPRINT)
Place of publication, distribution, etc Cambridge :
Name of publisher, distributor, etc Cambridge University Press,
Date of publication, distribution, etc 1992.
300 ## - PHYSICAL DESCRIPTION
Extent ix, 245 pages ;
Dimensions 23 cm
336 ## - CONTENT TYPE
Content type term text
Content type code txt
Source rdacontent
337 ## - MEDIA TYPE
Media type term unmediated
Media type code n
Source rdamedia
338 ## - CARRIER TYPE
Carrier type term volume
Carrier type code nc
Source rdacarrier
504 ## - BIBLIOGRAPHY, ETC. NOTE
Bibliography, etc Includes bibliographical references and index.
520 ## - SUMMARY, ETC.
Summary, etc In this book, Jeanette Malkin considers a broad spectrum of postwar plays in which characters are created, coerced, and destroyed by language. The playwrights examined are diverse and include Handke, Pinter, Bond, Albee, Mamet, and Shepard, as well as Vaclav Havel and two of his plays: The Garden Party and The Memorandum. These playwrights portray language's manipulation of our political, social, and interpersonal worlds. Writing in a variety of idioms and styles, the playwrights all reveal the link between language and power.
650 #7 - SUBJECT ADDED ENTRY--TOPICAL TERM
Topical term or geographic name as entry element Drama
Chronological subdivision 20th century
General subdivision History and criticism.
Source of heading or term BUEsh
9 (RLIN) 30822
650 #7 - SUBJECT ADDED ENTRY--TOPICAL TERM
Topical term or geographic name as entry element Dialogue.
Source of heading or term BUEsh
650 #7 - SUBJECT ADDED ENTRY--TOPICAL TERM
Topical term or geographic name as entry element Violence in literature.
Source of heading or term BUEsh
651 ## - SUBJECT ADDED ENTRY--GEOGRAPHIC NAME
Source of heading or term BUEsh
653 ## - INDEX TERM--UNCONTROLLED
Resource For college Humanities: English
942 ## - ADDED ENTRY ELEMENTS (KOHA)
Koha item type Book - Borrowing
Source of classification or shelving scheme Dewey Decimal Classification
Holdings
Withdrawn status Lost status Source of classification or shelving scheme Damaged status Not for loan Home library Current library Shelving location Date acquired Source of acquisition Total Checkouts Full call number Barcode Date last seen Date checked out Koha item type
    Dewey Decimal Classification     Central Library Central Library Second Floor 04/04/2007 Purchase 1 809.2045 MAL 000030533 15/07/2025 13/06/2011 Book - Borrowing